Podpisz zdjęcia po angielsku #1 - Statystyki

Ogólne statystyki
  • Ten quiz został rozwiązany 138 razy
  • Średni wynik to 15 z 16
Statystyki odpowiedzi
Obrazkowy Odpowiedź % Poprawnych
Dog
100%
Tiger
100%
Apple
99%
Banana
99%
Chair
99%
House
99%
Ice cream
99%
Sun
99%
Bed
97%
Book
97%
Tree
96%
Rose
95%
Hat
91%
Bike
89%
Shoe
89%
Clock
88%
Nie znaleziono quizów pasujących do podanych kryteriów
Rozkład punktacji
Procent ludzi z każdym wynikiem
Percentyl według liczby udzielonych odpowiedzi
Twoja historia wyników
Nie rozwiązałeś tego quizu